Técnica de la alta tensión / (Record no. 133307)

MARC details
000 -LEADER
campo de control de longitud fija 00752nam a2200217 i 4500
001 - NÚMERO DE CONTROL
campo de control 133307
003 - IDENTIFICADOR DE NÚMERO DE CONTROL
campo de control ES-MaACL
005 - FECHA Y HORA DE LA ÚLTIMA TRANSACCIÓN
campo de control 20251114151307.0
007 - CAMPO FIJO DE DESCRIPCIÓN FÍSICA--INFORMACIÓN GENERAL
campo de control de longitud fija t|
008 - DATOS DE LONGITUD FIJA--INFORMACIÓN GENERAL
campo de control de longitud fija 070214s1966 sp r ||||1| spa d
100 1# - ENTRADA PRINCIPAL--NOMBRE DE PERSONA
Nombre de persona Roth, Arnold.
9 (RLIN) 99944
245 10 - MENCIÓN DEL TÍTULO
Título Técnica de la alta tensión /
Mención de responsabilidad, etc. Arnold Roth ; con la colaboración de Gerard de Senarclens, Joachim Amsler ; traducción de Juan Corrales Martín.
260 ## - PUBLICACIÓN, DISTRIBUCIÓN, ETC.
Lugar de publicación, distribución, etc. Barcelona :
Nombre del editor, distribuidor, etc. Labor,
Fecha de publicación, distribución, etc. 1966.
300 ## - DESCRIPCIÓN FÍSICA
Extensión 387 p. :
Otras características físicas il. ;
Dimensiones 25 cm.
650 ## - PUNTO DE ACCESO ADICIONAL DE MATERIA--TÉRMINO DE MATERIA
Término de materia o nombre geográfico como elemento de entrada Instalaciones eléctricas.
9 (RLIN) 13826
700 1# - ENTRADA AGREGADA--NOMBRE PERSONAL
Nombre de persona Senarclens, Gerard de.
9 (RLIN) 105437
700 1# - ENTRADA AGREGADA--NOMBRE PERSONAL
Nombre de persona Amsler, Joachim.
9 (RLIN) 21345
700 1# - ENTRADA AGREGADA--NOMBRE PERSONAL
Nombre de persona Corrales Martín, Juan,
Fechas asociadas al nombre 1907-2000
9 (RLIN) 40736
852 ## - LOCALIZACIÓN
Ubicación ES-MaACL
Número de control de estantería G-5107
Sublocalización o colección R.70146
Holdings
Estatus retirado Estado de pérdida Estado de daño No para préstamo Biblioteca de origen Biblioteca actual Ubicación en estantería Fecha de adquisición Fuente de adquisición Total de préstamos Signatura topográfica completa Código de barras Visto por última vez Precio de reemplazo Tipo de ítem Koha
        Biblioteca del Ateneo de Madrid Biblioteca del Ateneo de Madrid Depósito 2 17/01/2008     G-5107 1138778 23/02/2023 23/02/2023 Libro impreso